| 000 | 00672nam a2200229 a 4500 | ||
|---|---|---|---|
| 001 | 51251 | ||
| 003 | BD-RjUL | ||
| 005 | 20211209075630.0 | ||
| 008 | 160830s1986 us a|||| b||| 001 0 eng d | ||
| 035 | _a(BD-RjUL)51371 | ||
| 040 |
_aBD-RjUL _beng _cBD-RjUL |
||
| 041 | _aeng | ||
| 082 |
_223 _a330 _bKOE 1986 |
||
| 100 |
_a Koch, A. Robert _9153318 |
||
| 245 |
_aEconomic principles : _bgrowth and environment / _cA Robert Koch |
||
| 260 |
_aWestport : _bAvi Publishing, _cc1986 |
||
| 300 |
_axii, 212 p. : _bill. ; _c22 cm. |
||
| 504 | _aIncludes bibliography and index | ||
| 650 |
_aEconomics. _9153319 |
||
| 650 |
_a Economic development. _9153320 |
||
| 942 |
_2ddc _cBK |
||
| 999 |
_c51251 _d51251 |
||